Linka detskej istoty výročná správa 1996/1997

Bibliographic Details
Corporate Author: UNICEF. Linka detskej istoty (Bratislava, Slovensko) (Author)
Format: Book
Language:Slovak
PhysicalDescription:24 s. fotogr., tab. 30 cm
Published: Bratislava Slovenský výbor pre UNICEF 1997
Subjects:

MARC

LEADER 00000nam a2200000 a 4500
001 vtls001322182
003 SK-MaSNL
005 20260301200233.0
008 160415s1997 xo a y 0 slo
015 |a SNBE1998/02-00803 
035 |a SNK000274858 
040 |a SNK  |b slo  |c SNK  |e AACR2 
041 0 |a slo 
044 |a xo  |c SK 
080 |a 061.1(100):327.3-053.2:654.151.4(085)"1996/1997"  |2 1981 
080 |a 654.151.4  |2 1981 
110 2 |a UNICEF.  |b Linka detskej istoty (Bratislava, Slovensko)  |4 aut  |9 33471 
245 1 |a Linka detskej istoty  |b výročná správa 1996/1997 
260 |a Bratislava  |b Slovenský výbor pre UNICEF  |c 1997 
300 |a 24 s.  |b fotogr., tab.  |c 30 cm 
610 2 7 |a UNICEF.  |b Linka detskej istoty (Bratislava, Slovensko)  |y 1996-1997  |x správy výročné  |2 SNK  |9 579142 
655 7 |a výročné správy  |2 SNK  |9 70580 
958 |a TL 
958 |a BQ 
999 |c 889621  |d 891551 
952 |t P60, <06>, [BOOK], {606}  |a SNK  |b SNK  |y PREZ  |7 0  |p 17A0125785  |o snkČSB 4662/1996/97  |i snkKSP 2041/98  |0 0  |1 0  |4 0  |d 1998-02-26  |l 0  |r 2005-01-02 00:00:00  |w 2026-02-24 
952 |t P60, <06>, [BOOK], {604}  |a SNK  |b SNK  |y PREZ  |7 0  |p 17A0125784  |o snkČSB 4662/1996/97 D1  |i snkKSP 2042/98  |0 0  |1 0  |4 0  |d 1998-02-26  |l 0  |r 2005-01-02 00:00:00  |w 2026-02-24